| LEADER | 00902nam a2200229 a 4500 | ||
|---|---|---|---|
| 001 | GR-MES1302 | ||
| 008 | 991111s1990 gr 000 0 gre d | ||
| 040 | |a GrPaTEI |b gre |c GR-PaULI | ||
| 245 | 0 | 3 | |a Το νομικό καθεστώς της ραδιοτηλεοπτικής επιχειρησεως. |
| 260 | |a Αθήνα : |b [χ.χ], |c 1990 | ||
| 300 | |a 221σελ. | ||
| 500 | |a βιβλιογραφία:σελ(206-221) | ||
| 650 | 4 | |a Δίκαιο | |
| 650 | 4 | |a ΜΜΕ | |
| 650 | 4 | |a Νομοθεσία | |
| 650 | 4 | |a ΡΑΔΙΟΦΩΝΙΑ | |
| 650 | 4 | |a ΤΗΛΕΟΡΑΣΗ | |
| 700 | 1 | |a Κρίππας, Γεώργιος | |
| 942 | |2 ddc | ||
| 952 | |0 0 |1 0 |2 ddc |4 0 |6 343_099000000000000_ΚΡΙ |7 0 |9 265355 |a MSLG |b MSLG |c BSC |d 2021-01-17 |e 24 |f 0 |g 0.00 |l 0 |o 343.099 ΚΡΙ |p 2420000001146 |r 2021-01-17 00:00:00 |t 1 |w 2021-01-17 |y BK15 |x 19991111 0 1 |x GrPaTEI | ||
| 971 | |a .b25723443 |b 16-04-20 |c 13-09-16 | ||
| 999 | |c 152562 |d 152562 | ||